| 000 | 00000nam##2200000za#4500 |
| 001 | 9.604553 |
| 003 | CaOODSP |
| 005 | 20210624211651 |
| 007 | cr ||||||||||| |
| 008 | 150406|2008||||xxc|||||o f|0| 0 fre|d |
| 040 | |aCaOODSP|bfre |
| 043 | |an-cn--- |
| 086 | 1 |aT41-1/84F-PDF |
| 110 | 1 |aCanada. |bTransports Canada. |
| 245 | 10|aEspaces sans voitures le dimanche |h[ressource électronique] |
| 260 | |aOttawa - Ontario : |bTransports Canada |cDécembre 2008. |
| 300 | |a7p.|bréférences, photographies |
| 490 | 1 |aÉtudes de cas sur les transports durables |vDocument de discussion nº 84 |
| 500 | |aEn tête du titre : Programme de démonstration en transport urbain. « Ottawa, Toronto et Vancouver ». |
| 590 | |a12-36-Supp|b2012-08-22 |
| 775 | 08|tSunday car-free spaces |w(CaOODSP)9.574828 |
| 830 | #0|aÉtudes de cas sur les transports durables ;|vDocument de discussion nº 84|w(CaOODSP)9.503247 |
| 856 | 40|ahttp://publications.gc.ca|qPDF|s301 Ko|uhttps://publications.gc.ca/collections/collection_2012/tc/T41-1-84-fra.pdf|yDocument de discussion nº 84 |
| 986 | |aTP : 15072 |